000 00875nam1a22002171i 4500
001 rc\499354
005 20260406121247.0
035 _a(NLR Aleph) 005817406
090 _a5444478
_c5444478
100 _a20030616d1987 u |0rusy50 ca
101 0 _arus
102 _aRU
105 _ay |||||||||
200 1 _aТЕХНИЧЕСКИЕ средства для построения магистрально-модульных систем автоматизации научных исследований
_eКат. справ. данных
_fАН СССР. Науч.-техн. об-ние
210 _aЛ.
_cСКБ АП
_d1987
215 _d30
712 0 2 _aАН СССР
_bНаучно-техническое объединение
_cЛенинград
_3RU\NLR\AUTH\8813817
_9300705
801 0 _aRU
_bNLR
_gpsbo
801 1 _aRU
_bELAR
_2rusmarc
852 _aNLR
_j88-8/740
942 _cBOOK